| 000 | 00622nam a2200229Ia 4500 | ||
|---|---|---|---|
| 003 | OSt | ||
| 005 | 20221007073119.0 | ||
| 006 | a|||||r|||| 00| 0 | ||
| 007 | ta | ||
| 008 | 221006b |||||||| |||| 00| 0 eng d | ||
| 024 | _a16,376 | ||
| 037 | _cTextual | ||
| 040 |
_aFLL _cFLL _beng |
||
| 041 |
_2eng _aeng |
||
| 082 | _aX8.1.N7, L9 | ||
| 100 |
_aMytelka L.K. Au. _9691935 |
||
| 245 | 0 | _aRegional development in a global economy | |
| 260 |
_aLondon _bYale university press London _c1979 |
||
| 300 |
_a233p _ccm. |
||
| 942 |
_hX8.1.N7, L9 _cTEXL _2CC |
||
| 999 |
_c1147724 _d1147724 |
||